| 000 | 00473nam a2200181 a 4500 | ||
|---|---|---|---|
| 001 | 2400 | ||
| 003 | CDMR | ||
| 005 | 20130930133203.0 | ||
| 008 | 130130s1958||||||||||||||||||||||||||||d | ||
| 040 |
_aCDMR _bcat _cCDMR |
||
| 100 | 1 |
_aGrivet, Pierre _91794 |
|
| 245 | 1 | 3 |
_aLa télévision _cpar Pierre Grivet et Pierre Herreng |
| 250 | _a7a ed. | ||
| 260 |
_aParis _c1958 _bPresses Universitaires de France |
||
| 300 | _a128 p. | ||
| 490 | 0 |
_aQue sais-je? _v30 |
|
| 942 |
_cMON _2udc |
||
| 999 |
_c2400 _d2400 |
||